000
00320nam a22001457a 4500
008
210511b ||||| |||| 00| 0 eng d
020
_a
2900393911519
041
_a
eng
080
_a
37
082
_a
37
100
_a
46
101
_a
EDU
245
_a
The Little Seagull Handbook
_c
Richard Bullock
942
_2
udc
_c
BK
999
_c
57249
_d
57249